000 01116nam a2200241Ii 4500
003 JO-AjNU
005 20240629081434.0
008 230605s9999||||xx |||||||||||||| ||und||
040 _aJO-AjNU
_bara
_erda
_cJO-AjNU
041 _aara
050 1 4 _aK564.2022
100 1 _aعفان، زياد فالح ابراهيم
_eمعد
_965727
245 2 0 _aالامن السيبراني في ظل التشريعات الاردنية (دراسة مقارنة بين القانون الاردني والقانون الفرنسي) = Cyber Security Under Jordanian Legislation (Comparative Study Between Jordanian Law and French Law) /
260 _c2022
300 _a106 ورقة
336 _atext
_btxt
_2rdacontent
337 _aunmediated
_bn
_2rdamedia
338 _avolume
_bnc
_2rdacarrier
500 _aرسالة جامعية(اطروحة ماجستير) تخصص القانون /كلية الحقوق، جامعة عجلون الوطنية، 2022
650 4 _aامن المعلومات-قوانين وتشريعات
_963280
700 1 _aالوحشات، زياد محمد
_964909
_eمشرف
942 _2lcc
_cTHS
999 _c32262
_d32262